Recuerdos del pasado: 1814-1860
I tiakina i:
| Kaituhi matua: | |
|---|---|
| Hōputu: | Pukapuka |
| Reo: | Pāniora |
| I whakaputaina: |
Santiago
Zig-Zag S. A
1943
|
| Putanga: | 4a. ed |
| Ngā marau: | |
| Ngā Tūtohu: |
Tāpirihia he Tūtohu
Kāore He Tūtohu, Me noho koe te mea tuatahi ki te tūtohu i tēnei pūkete!
|
MARC
| LEADER | 00000cam a2200000 a 4500 | ||
|---|---|---|---|
| 001 | UCF5787 | ||
| 003 | CL-VaPUC | ||
| 008 | 130322e19430000CL |||||||||||||||||spa|d | ||
| 082 | 0 | 4 | |a 928.83 |b PER |2 21 |
| 100 | 0 | |a Pérez Rosales, Vicente |e author |9 346608 | |
| 245 | 1 | 0 | |a Recuerdos del pasado: 1814-1860 |
| 250 | |a 4a. ed | ||
| 300 | |a 500 p | ||
| 942 | |c BK | ||
| 945 | |d 20130322 00:00:00 |a dcastane | ||
| 260 | |a Santiago |b Zig-Zag S. A |c 1943 | ||
| 650 | 0 | |a Autobiografías |9 265171 | |
| 650 | 0 | |a Colonización |9 265172 | |
| 583 | |a last modification |c 20130322 12:27:00 |k Rodrigo Vera | ||
| 999 | |c 351192 |d 351190 | ||
| 952 | |0 0 |1 0 |4 0 |6 928_830000000000000_PER_1943 |7 0 |8 A |9 455161 |a BIBEDU |b BIBEDU |d 2019-11-22 |i 495713K |o 928.83 PER 1943 |p 495713K |r 2019-11-22 |w 2019-11-22 |y BK |k LIT | ||